<?xml version="1.0" encoding="UTF-8"?>
<record
    xmlns:xsi="http://www.w3.org/2001/XMLSchema-instance"
    xsi:schemaLocation="http://www.loc.gov/MARC21/slim http://www.loc.gov/standards/marcxml/schema/MARC21slim.xsd"
    xmlns="http://www.loc.gov/MARC21/slim">

  <leader>00462nam a22001217a 4500</leader>
  <datafield tag="040" ind1=" " ind2=" ">
    <subfield code="c">RUA</subfield>
  </datafield>
  <datafield tag="082" ind1=" " ind2=" ">
    <subfield code="a">AGR MEN 2012 C337 Or.</subfield>
  </datafield>
  <datafield tag="100" ind1=" " ind2=" ">
    <subfield code="a">&#x1798;&#x17C9;&#x17C2;&#x1793; &#x179F;&#x17B6;&#x179A;&#x17BB;&#x1798;</subfield>
  </datafield>
  <datafield tag="245" ind1=" " ind2=" ">
    <subfield code="a">Agricultural Research and Experimental designs.&#x1780;&#x17B6;&#x179A;&#x179F;&#x17D2;&#x179A;&#x17B6;&#x179C;&#x1787;&#x17D2;&#x179A;&#x17B6;&#x179C;&#x1780;&#x179F;&#x17B7;&#x1780;&#x1798;&#x17D2;&#x1798; &#x1793;&#x17B7;&#x1784;&#x179C;&#x17B7;&#x1792;&#x17B8;&#x179F;&#x17B6;&#x179F;&#x17D2;&#x179A;&#x17D2;&#x178F;&#x179A;&#x17C0;&#x1794;&#x1785;&#x17C6;&#x1780;&#x17B6;&#x179A;&#x1796;&#x17B7;&#x179F;&#x17C4;&#x1792;&#x1793;&#x17CD;</subfield>
  </datafield>
  <datafield tag="260" ind1=" " ind2=" ">
    <subfield code="a">phnom penh</subfield>
    <subfield code="b">rua</subfield>
    <subfield code="c">2012</subfield>
  </datafield>
  <datafield tag="300" ind1=" " ind2=" ">
    <subfield code="a">xxiii.413p.</subfield>
    <subfield code="b">ill.</subfield>
  </datafield>
  <datafield tag="942" ind1=" " ind2=" ">
    <subfield code="c">REC</subfield>
  </datafield>
  <datafield tag="999" ind1=" " ind2=" ">
    <subfield code="c">22519</subfield>
    <subfield code="d">22519</subfield>
  </datafield>
  <datafield tag="952" ind1=" " ind2=" ">
    <subfield code="0">0</subfield>
    <subfield code="1">0</subfield>
    <subfield code="4">0</subfield>
    <subfield code="6">AGR_MEN_2012_000000000000000_C337_OR</subfield>
    <subfield code="7">0</subfield>
    <subfield code="9">96937</subfield>
    <subfield code="a">LBC</subfield>
    <subfield code="b">LBC</subfield>
    <subfield code="c">C337</subfield>
    <subfield code="d">2024-01-10</subfield>
    <subfield code="l">1</subfield>
    <subfield code="o">AGR MEN 2012 C337 Or.</subfield>
    <subfield code="p">a075091</subfield>
    <subfield code="r">2025-03-13</subfield>
    <subfield code="s">2025-03-05</subfield>
    <subfield code="y">REC</subfield>
  </datafield>
  <datafield tag="952" ind1=" " ind2=" ">
    <subfield code="0">0</subfield>
    <subfield code="1">0</subfield>
    <subfield code="4">0</subfield>
    <subfield code="6">AGR_MEN_2012_000000000000000_C337_OR</subfield>
    <subfield code="7">0</subfield>
    <subfield code="9">96938</subfield>
    <subfield code="a">LBC</subfield>
    <subfield code="b">LBC</subfield>
    <subfield code="c">C337</subfield>
    <subfield code="d">2024-01-10</subfield>
    <subfield code="o">AGR MEN 2012 C337 Or.</subfield>
    <subfield code="p">a075083</subfield>
    <subfield code="r">2024-01-10</subfield>
    <subfield code="y">REC</subfield>
  </datafield>
  <datafield tag="952" ind1=" " ind2=" ">
    <subfield code="0">0</subfield>
    <subfield code="1">0</subfield>
    <subfield code="4">0</subfield>
    <subfield code="6">AGR_MEN_2012_000000000000000_C337_OR</subfield>
    <subfield code="7">0</subfield>
    <subfield code="9">96939</subfield>
    <subfield code="a">LBC</subfield>
    <subfield code="b">ML</subfield>
    <subfield code="c">C337</subfield>
    <subfield code="d">2024-01-10</subfield>
    <subfield code="l">2</subfield>
    <subfield code="o">AGR MEN 2012 C337 Or.</subfield>
    <subfield code="p">a075111</subfield>
    <subfield code="q">2026-07-01</subfield>
    <subfield code="r">2026-05-25</subfield>
    <subfield code="s">2026-05-25</subfield>
    <subfield code="y">REC</subfield>
  </datafield>
  <datafield tag="952" ind1=" " ind2=" ">
    <subfield code="0">0</subfield>
    <subfield code="1">0</subfield>
    <subfield code="4">0</subfield>
    <subfield code="6">AGR_MEN_2012_000000000000000_C337_OR</subfield>
    <subfield code="7">0</subfield>
    <subfield code="9">96940</subfield>
    <subfield code="a">LBC</subfield>
    <subfield code="b">LBC</subfield>
    <subfield code="c">C337</subfield>
    <subfield code="d">2024-01-10</subfield>
    <subfield code="o">AGR MEN 2012 C337 Or.</subfield>
    <subfield code="p">a075115</subfield>
    <subfield code="r">2024-01-10</subfield>
    <subfield code="y">REC</subfield>
  </datafield>
</record>
